000 01498nam a2200229 i 4500
001 161969
003 ES-MaACL
005 20250812024134.0
008 990701m18821914fr aef |||| | fre d
040 _aCCPB | B
_bspa
_cCCPB | B
100 1 _aPerrot, Georges.
_991375
245 1 0 _aHistoire de l'art dans la'antiquité
_b: Égypte, Assyrie, Perse, Asie Mineure, Grèce, Étrurie, Rome /
_cpar Georges Perrot et Charles Chipiez.
260 _aParis :
_bLibrairie Hachette et Cie,
_c1882-1914 (
_fTypographie Georges Chamerot)
300 _a10 v. :
_bil. ;
_c28 cm.
505 8 _aContiene : t. 1º. L'Egypte (LXXVI, 879 p., [13] h. de lám.) -- t. II. Chaldée et Assyrie (825 p., [16] h. de lám.) -- t. III. Phénicie-Cypre (921 p., [8] h. de lám.) -- t. IV. Judée, Sardaigne, Syrie, Cappadoce (833 p., [5] h. de lám., [2] h. de plan.) -- t. V. Perse, Phrygie, Lydie et Carie, Lycie (928 p., [7] h. de lám., [2] h. pleg.) -- t. VI. La Grèce primitive : l'art mycénien (1030 p., [10] h. de lám., [8] h. pleg.) -- t. VII. La Grèce de l'Epopée, la Grèce archaïque (le Temple) (691 p., [9] h de lám.) -- t. VIII. La Grèce archaïque : la sculpture (XV, 756 p., [14] h. de lám)
596 _aImpresor del t. IX: Typographie 4Phillipe Renouard.
597 _aContiene también lám. y plan.
650 0 4 _aArte-
_vHistoria
_910107
700 1 _aChipiez, Charles.
_9168976
852 _aES-MaACL
_jB-12377-12386
_z-- Enc. pasta española
999 _c161969
_d161969